| 000 | 00659nam a2200229 a 4500 | ||
|---|---|---|---|
| 001 | 68390 | ||
| 003 | BD-RjUL | ||
| 005 | 20211209081750.0 | ||
| 008 | 940810r19691964njuak 001 0 eng d | ||
| 035 | _a(BD-RjUL)68600 | ||
| 040 |
_aBD-RjUL _beng _cBD-RjUL _dBD-RjUL |
||
| 041 | _aeng | ||
| 082 |
_223 _a576.5 _bSTM 1969 |
||
| 100 | 1 |
_aStahl, Franklin W. _9202757 |
|
| 245 | 1 | 4 |
_aThe mechanics of inheritance / _cFranklin W. Stahl |
| 250 | _a2nd ed | ||
| 260 |
_aEnglewood Cliffs : _bPrentice-Hall, _c1964 [reprinted1969, 1971, 1972] |
||
| 300 |
_axvi, 216 p. : _bill. ; _c24 cm |
||
| 500 | _aIncludes index | ||
| 650 | 0 |
_aGenetics _9202758 |
|
| 942 |
_2ddc _cBK |
||
| 999 |
_c68390 _d68390 |
||